01084 a2200193 4500003000500000005001700005010001600022020002800038040000900066082001600075100002000091245008900111260005700200300003000257505040300287650003500690856008900725856007600814Nust20221210092058.0 a 97001820 a0471974102 (alk. paper) cNust00a621.382,HUG1 aHughes, Harold.10aTelecommunications cables :bdesign, manufacture, and installation /cHarold Hughes. aChichester :aNew York :bJohn Wiley & Sons,cc1997. aix, 358 p. :bill. ;ccm. aConductors (Page-1), Insulation (Page-25), Twisting and The Helix (Page-41), Cable Geometry (Page-51), Sheathing (Page-61), Primary Parameters of Lines (Page-77), Transmission Parameters (Page-101),Crosstalk (Page-135), Power Line Interference (Page-169), Stranded Conductors and Braids (Page-191), Installation (Page-205), Electrical Measurements (Page-247), Optical Fiber Transmission (Page-265). 0aTelecommunication Engineering.413Publisher descriptionuhttp://www.loc.gov/catdir/enhancements/fy0706/97001820-d.html413Table of contentsuhttp://www.loc.gov/catdir/toc/wiley022/97001820.html